000 00341nam a2200133Ia 4500
005 20260328104303.0
008 260328s9999||||xx |||||||||||||| ||und||
100 _aRussell, Bertrand
245 0 _aHistoria de la FilosofĂ­a Occidental /
_cBertrand Russell
260 _bEspasa-Calpe
300 _a452 p.
650 _aFILOSOFIA
942 _cBK
999 _c10658
_d10658